| 000 | 00799nam a22002297a 4500 | ||
|---|---|---|---|
| 003 | DO-SdBNP | ||
| 005 | 20210915141542.0 | ||
| 007 | ta | ||
| 008 | 210915b 2018 dr c 00| 0 eng d | ||
| 020 | _a9789945081701 | ||
| 040 |
_aDO-SdBNP _bspa _cBNPHU |
||
| 082 | 4 |
_2BNPHU _bR696b |
|
| 100 | 1 |
_aRodríguez Hiciano, Gloria Miguelina de _979893 |
|
| 245 | 1 | 3 |
_aLa belleza que otorgan las joyas / _cGloria Miguelina Rodríguez de Hiciano ; prólogo I Andrés King Capóis, prólogo II Franklin Pacheco |
| 260 |
_aSanto Domingo : _bBúho, _c2018. |
||
| 300 |
_a262 p. : _bretratos ; _c2018. |
||
| 500 | _aIncluye datos biográficos del autora en las solapas | ||
| 700 | 1 |
_aKing Capóis, Andrés, _epról. _979894 |
|
| 700 | 1 |
_aPacheco, Franklin, _epról. _943503 |
|
| 910 | _aBtavárez | ||
| 942 |
_2ddc _cLBS1 |
||
| 999 |
_c50521 _d50521 |
||